Pokédex 4G - Statistiques

Statistiques générales
  • Ce quiz a été pris 35 fois
  • Le résultat moyen est 72 sur 107
Statistiques - réponses
Numéro Pokémon % Correct
#392 Simiabraz
100%
#482 Créfadet
95%
#481 Créfollet
95%
#480 Créhelf
95%
#483 Dialga
95%
#487 Giratina
95%
#390 Ouisticram
95%
#484 Palkia
95%
#395 Pingoléon
95%
#393 Tiplouf
95%
#389 Torterra
95%
#387 Tortipouss
95%
#493 Arceus
89%
#445 Carchacrok
89%
#391 Chimpenfeu
89%
#491 Darkrai
89%
#466 Élekable
89%
#398 Étouraptor
89%
#396 Étourmi
89%
#394 Prinplouf
89%
#486 Regigigas
89%
#388 Boskara
84%
#444 Carmache
84%
#400 Castorno
84%
#488 Cresselia
84%
#397 Étourvol
84%
#443 Griknot
84%
#485 Heatran
84%
#399 Keunotor
84%
#403 Lixy
84%
#448 Lucario
84%
#404 Luxio
84%
#405 Luxray
84%
#467 Maganon
84%
#490 Manaphy
84%
#447 Riolu
84%
#492 Shaymin
84%
#410 Dinoclier
79%
#478 Momartik
79%
#411 Bastiodon
74%
#429 Magirêve
74%
#408 Kranidos
68%
#479 Motisma
68%
#489 Phione
68%
#407 Roserade
68%
#472 Scorvol
68%
#437 Archéodong
63%
#436 Archéomire
63%
#460 Blizzaroi
63%
#459 Blizzi
63%
#432 Chaffreux
63%
#431 Chaglam
63%
#409 Charkos
63%
#413 Cheniselle
63%
#412 Cheniti
63%
#401 Crikzik
63%
#471 Givrali
63%
#473 Mammochon
63%
#402 Mélokrik
63%
#435 Moufflair
63%
#470 Phyllali
63%
#464 Rhinastoc
63%
#406 Rozbouton
63%
#422 Sancoki
63%
#423 Tritosor
63%
#454 Coatox
58%
#453 Cradopaud
58%
#475 Gallame
58%
#462 Magnézone
58%
#434 Moufouette
58%
#418 Mustébouée
58%
#419 Mustéflott
58%
#477 Noctunoir
58%
#414 Papilord
58%
#474 Porygon-Z
58%
#442 Spiritomb
58%
#468 Togekiss
58%
#425 Baudrive
53%
#424 Capidextre
53%
#430 Corboss
53%
#461 Dimoret
53%
#426 Grodrive
53%
#449 Hippopotas
53%
#438 Manzaï
53%
#469 Yanmega
53%
#416 Apireine
47%
#415 Apitrini
47%
#463 Coudlangue
47%
#452 Drascore
47%
#450 Hippodocus
47%
#417 Pachirisu
47%
#440 Ptiravi
47%
#458 Babimanta
42%
#456 Écayon
42%
#446 Goinfrex
42%
#427 Laporeille
42%
#428 Lockpin
42%
#457 Luminéon
42%
#439 Mime Jr.
42%
#451 Rapion
42%
#476 Tarinorme
42%
#455 Vortente
42%
#465 Bouldeneu
37%
#420 Ceribou
37%
#421 Ceriflor
37%
#433 Korillon
37%
#441 Pijako
37%
Aucun quiz correspondant
Distribution des résultats
% des personnes avec chaque résultat
Percentile par nombre de réponses
Votre historique - résultats
Vous n’avez pas pris ce quiz